| 000 | 00000nas 2200000za 4500 |
| 001 | 9.817664 |
| 003 | CaOODSP |
| 005 | 20221107142528 |
| 007 | cr ||||||||||| |
| 008 | 160513d19581981oncar p oss f000#b0fre|d |
| 022 | |y0706-2095 |
| 040 | |aCaOODSP|bfre |
| 041 | |aeng|afre |
| 043 | |an-cn--- |
| 086 | 1 |aCS52-212-PDF |
| 245 | 00|aRailway transport. |nPart 6, |pEmployment statistics |h[ressource électronique] = |bTransport ferroviaire. Partie 6, Statistiques de l'emploi. |
| 246 | 11|aTransport ferroviaire.|nPartie 6, |pStatistiques de l'emploi |
| 260 | |a[Ottawa] : |bStatistics Canada, Transportation and Public Utilities Division, Transportation Section = Statistique Canada, Division des transports et des services d'utilité publique, Section des transports, |c1959-1983. |
| 310 | |aAnnuel |
| 362 | 0 |a1958-1981. |
| 500 | |aÉdition numérisée de l’imprimé [par Statistique Canada]. |
| 546 | |aTexte en anglais seulement, 1958-1970; Texte en anglais et en français, 1971-1981. |
| 550 | |aPublié 1959-1964, 1966-1969 par Transportation Section; 1965 par Transportation and Public Utilities Section; 1970-1972 par Statistique Canada, Section des transports; 1973-1979 par la Section des transports de surface; 1980-1981 par la Section des transports de surface et maritimes. |
| 692 | 07|2gccst|aRéseau ferroviaire |
| 692 | 07|2gccst|aTransport ferroviaire |
| 692 | 07|2gccst|aTravailleur |
| 710 | 1 |aCanada.|bBureau fédéral de la statistique.|bSection des transports. |
| 710 | 1 |aCanada.|bBureau fédéral de la statistique.|bDivision des transports et des services d'utilité publique. |
| 710 | 2 |aStatistique Canada.|bSection des transports. |
| 710 | 2 |aStatistique Canada.|bSection des transports de surface. |
| 710 | 2 |aStatistique Canada.|bSection des transports de surface et maritimes. |
| 780 | 00|tRailway transport. |w(CaOODSP)9.817612 |
| 791 | |tRailway transport. |eeng|w(CaOODSP)9.817662 |